| 000 | 00350nam a2200133Ia 4500 | ||
|---|---|---|---|
| 008 | 240624s9999 xx 000 0 und d | ||
| 041 | _aeng | ||
| 082 | _a658.3 DES | ||
| 100 | _aDESSLER GARY | ||
| 245 | _aHUMAN RESOURCE MANAGEMENT | ||
| 250 | _a(11th ed.) | ||
| 260 |
_c2009 _aNew Delhi _bPearson Prentice Hall |
||
| 300 | _axxx, : 801 : p. : cm. ; 24 | ||
| 999 |
_c13243 _d13243 |
||